000 00956nam a2200241 i 4500
001 183603
003 ES-MaACL
005 20250814090110.0
008 140728s2013 sp ac |||| |dspa d
080 _a791:654.197(460)
245 0 0 _aEnfocando misterios
_b: incluye una guía de profesionales del Sur de Madrid /
_cAsociación "La noche del cazador" ; coordinadora, Rosa Blas Traisac.
246 3 _aGuía de profesionales del Sur de Madrid
260 _a[Leganés, Madrid :
_bAsociación "La noche del cazador",
_c2013] (
_fClayda)
300 _a161 p. :
_bil., retr. ;
_c21 cm.
650 4 _aCine-
_zMadrid
_911027
650 4 _aActores-
_zEspaña-
_yS.XX.
_9155114
650 4 _aCine y televisión-
_zEspaña.
_9155115
700 1 _aBlas Traisac, Rosa.
_9155117
710 2 _aAsociación "La noche del cazador"
_9155116
852 _aES-MaACL
_jA-13200
_9190516
_bR.149976
_cDEPO1
_dOlim: N-6200
942 _2udc
_cMONOGRAFIA
999 _c183603
_d183603